000 00752nam a22001817a 4500
003 JO-AjAnu
005 20250309101101.0
008 250304b jo ||||| |||| 00| 0 ara d
040 _cJO-AjAnu
041 _hARA
100 _aالخوري، لمياء
_966464
245 _aتاريخ المسكوكات المتداولة في منطقة الشرق منذ بداية التعامل بنظام المقايضة وحتى نهاية الفترة البيزنطية، الجزء الاول
_c/ لمياء الخوري
250 _aط1
260 _aإربد :
_bالمؤلف،
_c 2024
300 _a93 صفحه
650 _vالمسكوكات-النقود المعدنية-التاريخ القديم-الشرق الأوسط
942 _2lcc
_cBK
_n0
999 _c33869
_d33869